Celtic players with the most three pointers - Statistics

General Stats
  • This quiz has been taken 7 times
  • The average score is 9 of 15
Answer Stats
Three Pointers Player % Correct
883 Jaylen Brown
100%
1,067 Jayson Tatum
100%
649 Larry Bird
100%
1,823 Paul Pierce
100%
798 Ray Allen
100%
490 Al Horford
86%
460 Isaiah Thomas
86%
911 Marcus Smart
71%
937 Antoine Walker
57%
340 Kyrie Irving
43%
520 Avery Bradley
14%
416 Dana Barros
0%
348 Danny Ainge
0%
335 Terry Rozier
0%
417 Walter McCarty
0%
No matching quizzes found
Score Distribution
Percent of People with Each Score
Percentile by Number Answered
Your Score History
You have not taken this quiz